000 00411nam a2200145Ia 4500
005 20260328101519.0
008 260328s9999||||xx |||||||||||||| ||und||
100 _aCatalano, Eduardo F.
245 0 _aEstructuras de Superficies alabeadas :
_b Combinaciones de paraboloides hiperbólicos /
_cEduardo F. Catalano
250 _a1a ed.
260 _bEUDEBA
300 _a30 p.
650 _aESTRUCTURAS
942 _cBK
999 _c9494
_d9494